20 Nombres mas comunes en Argentina - Estadísticas

Estadísticas generales
  • Esta prueba ha sido intentada 200 veces
  • La puntuación promedio es 5 de 20
Estadísticas de respuestas
# Nombres % Correcto
12.233 Mateo
56%
15.312 Sofia
52%
17.127 Martina
51%
11.623 Santiago
43%
12.973 Valentina
42%
10.739 Francisco
30%
15.395 Bautista
29%
23.197 Benjamin
26%
14.622 Joaquin
26%
10.976 Emma
23%
12.758 Felipe
23%
13.866 Santino
21%
15.391 Catalina
20%
11.606 Delfina
18%
8.984 Victoria
18%
9.566 Emilia
17%
16.551 Isabella
16%
12.905 Valentino
15%
9.107 Olivia
13%
12.648 Juan Ignacio
4%
No se encontraron pruebas coincidentes
Distribución de puntuación
Porcentaje de gente con cada puntuación
Porcentaje por número respondido
Historial de tus puntuaciones
No has intentado esta prueba.